| 000 | 00666cam a2200205 a 4500 | ||
|---|---|---|---|
| 020 | _a0070576424 | ||
| 082 | 0 | 0 |
_a515/.15 _bSIM _cL-39,P-112 |
| 100 | 1 |
_aSimmons, George Finlay, _944904 |
|
| 245 | 1 | 0 |
_aCalculus with analytic geometry / _cGeorge F. Simmons. |
| 250 | _a2nd ed. | ||
| 260 |
_aNew York : _bMcGraw-Hill, _c1996. |
||
| 300 |
_axxiii, 887 p. ; _bill. ; _c27 cm. |
||
| 526 |
_a0 _b0 _c0 _d515_150000000000000_SIM |
||
| 650 | 0 | _aCalculus. | |
| 650 | 0 |
_aGeometry, Analytic. _957 |
|
| 650 | 0 |
_aMCE _9379 |
|
| 856 | 4 | 1 | _uhttp://www.loc.gov/catdir/toc/mh022/95038343.html |
| 856 | 4 | 2 | _uhttp://www.loc.gov/catdir/description/mh022/95038343.html |
| 942 |
_2ddc _cBK |
||
| 999 |
_c548557 _d548557 |
||